000 01108naa a22002897a 4500
001 BR9400322
003 BR-BrBNA
005 20240918181101.0
007 ta
008 230509b bl.||||| |||| 00| 0 por d
040 _aBR-BrBNA
_bpor
_cBiblioteca Nacional de Agricultura
041 _a(Pt)
072 _aF06
090 _aF06 BR9400322
100 1 _aOliveira, L.F.C. de
100 1 _aSilva, A.M. da
100 1 _aFaria, M.A. de
100 1 _aLima, L.A.
111 1 _a22. Congresso Brasileiro de Engenharia Agricola
_cIlheus, BA (Brazil)
_d19-23 Jul 1993
245 1 _aAvaliacao da distribuicao de agua na superficie e no perfil do solo de um sistema de irrigacao por microaspersao
260 3 _aIlheus, BA (Brasil):
_c1993.
500 _a22. Congresso Brasileiro de Engenharia Agricola. Anais Ilheus, BA (Brasil): 1993. v. 4 p. 2640-2653 (BR9400322-AM)F06
650 _aIrrigacao por Aspersao
773 0 _t22. Congresso Brasileiro de Engenharia Agricola. Anais
_wF06 BR9400322
_gIlheus, BA (Brasil), 1993. v. 4 p. 2640-2653
909 _a202404
_bLucia
_c55
_dLucia Elande
942 _cAM
_2AGRIS
999 _c323540
_d323540